[Event "AUTO-MASTER-1891"]
[Site "http://www.queenalice.com/game.php?id=1210054"]
[Date "2013.8.21"]
[Round "2"]
[White "colognestar"]
[Black "Nephi_R"]
[Result "1-0"]
[WhiteElo "2092"]
[BlackElo "1946"]

1. d4 e6 2. c4 f5 3. g3 Nf6 4. Bg2 Bb4+ 5. Bd2 Bxd2+ 6. Nxd2 c6 7. Ngf3 O-O 8.
O-O d5 9. cxd5 cxd5 10. Ne5 Nc6 11. Ndf3 Qb6 12. Rb1 Nd7 13. b4 Ndxe5 14. dxe5
Bd7 15. Qb3 Rad8 16. Rfd1 h6 17. h4 Be8 18. a3 Bh5 19. b5 Na5 20. Qb4 Bxf3 21.
Bxf3 1-0

[Event "AUTO-MASTER-1891"]
[Site "http://www.queenalice.com/game.php?id=1210055"]
[Date "2013.8.21"]
[Round "2"]
[White "Nephi_R"]
[Black "colognestar"]
[Result "0-1"]
[WhiteElo "1936"]
[BlackElo "2102"]

1. d4 d5 2. c4 e6 3. Nf3 Nf6 4. e3 Be7 5. Nc3 O-O 6. Bd3 c5 7. O-O Nc6 8. a3 a5
9. b3 Qc7 10. Nb5 Qb8 11. Bb2 b6 12. Qe2 Bb7 13. Ne5 Nxe5 14. dxe5 Nd7 15. f4 f6
16. exf6 Nxf6 17. Be5 Qc8 18. Rad1 Bc6 19. f5 Bxb5 0-1

[Event "AUTO-ADV-2846"]
[Site "http://www.queenalice.com/game.php?id=1218269"]
[Date "2013.9.19"]
[Round "2"]
[White "mouderjr"]
[Black "Nephi_R"]
[Result "1-0"]
[WhiteElo "1954"]
[BlackElo "2008"]

1. e4 d6 2. d4 g6 3. Be2 Bg7 4. Nf3 Nf6 5. Nc3 Bg4 6. Bg5 Nbd7 7. Nd2 Bxe2 8.
Qxe2 O-O 9. O-O-O h6 10. Be3 c6 11. g4 Ne8 12. f4 e6 13. h4 f6 14. Rdf1 Qe7 15.
g5 fxg5 16. fxg5 h5 17. Qd3 Kh7 18. Ne2 e5 19. c3 Nc7 20. Rf2 1-0

[Event "AUTO-ADV-2846"]
[Site "http://www.queenalice.com/game.php?id=1218270"]
[Date "2013.9.19"]
[Round "2"]
[White "Nephi_R"]
[Black "mouderjr"]
[Result "0-1"]
[WhiteElo "1990"]
[BlackElo "1972"]

1. d4 g6 2. Nc3 Bg7 3. e4 d6 4. Be3 c6 5. Qd2 Nf6 6. h3 Nfd7 7. Nf3 b6 8. Bd3
O-O 9. O-O-O b5 10. Bh6 b4 11. Ne2 Qb6 12. Bxg7 Kxg7 13. g4 Ba6 14. h4 Nf6 15.
Rdg1 Bxd3 16. cxd3 Ng8 17. Ng3 Nd7 18. Nf5+ Kh8 19. Ne3 f6 0-1

[Event "AUTO-OPEN-3208"]
[Site "http://www.queenalice.com/game.php?id=1263669"]
[Date "2014.3.9"]
[Round "1"]
[White "pgierech"]
[Black "Nephi_R"]
[Result "1-0"]
[WhiteElo "1985"]
[BlackElo "1940"]

1. e4 d6 2. d4 g6 3. Nc3 Bg7 4. Be3 e6 5. Be2 Ne7 6. Qd2 h6 7. h4 Nd7 8. f4 e5
9. O-O-O Nc6 10. dxe5 dxe5 11. f5 Nd4 12. fxg6 fxg6 13. Nf3 Nxe2+ 14. Nxe2 O-O
15. Bxh6 Qf6 16. Bg5 Qf7 17. Rhf1 Qxa2 18. Qd5+ Qxd5 19. Rxd5 Nb6 20. Rdd1 Bg4
21. Rde1 a5 22. Neg1 Be6 23. Be7 Rfe8 24. Bc5 1-0

[Event "AUTO-OPEN-3208"]
[Site "http://www.queenalice.com/game.php?id=1263670"]
[Date "2014.3.9"]
[Round "1"]
[White "Nephi_R"]
[Black "pgierech"]
[Result "1-0"]
[WhiteElo "1930"]
[BlackElo "1967"]

1. d4 d5 2. Nf3 c6 3. Nc3 Bg4 4. Ne5 Bh5 5. f4 e6 6. Be3 Ne7 7. g4 Bg6 8. Bg2
Nd7 9. h4 Nxe5 10. fxe5 h6 11. Qd2 Qc7 12. Bf4 c5 13. Nb5 Qc6 14. Nd6+ Kd7 15.
h5 Bh7 16. c4 f6 17. cxd5 Nxd5 18. Nc4 1-0

[Event "AUTO-OPEN-3208"]
[Site "http://www.queenalice.com/game.php?id=1263693"]
[Date "2014.3.9"]
[Round "1"]
[White "vult0"]
[Black "Nephi_R"]
[Result "0-1"]
[WhiteElo "2286"]
[BlackElo "1892"]

1. d4 e6 2. c4 c6 3. Nf3 d5 4. Nc3 a6 5. e3 dxc4 6. Bxc4 Nf6 7. O-O Be7 8. Qc2
O-O 9. Bd3 Nbd7 10. Bd2 Nb6 11. a3 c5 12. dxc5 Bxc5 13. Ng5 g6 14. Rfd1 Qe7 15.
Nce4 Nxe4 16. Nxe4 Nd7 17. Rac1 b6 18. b4 Bd6 19. Nxd6 Qxd6 20. Be1 Qe7 21. Qc7
Re8 22. Qxb6 Nxb6 0-1

[Event "AUTO-OPEN-3208"]
[Site "http://www.queenalice.com/game.php?id=1263694"]
[Date "2014.3.9"]
[Round "1"]
[White "Nephi_R"]
[Black "vult0"]
[Result "0-1"]
[WhiteElo "1931"]
[BlackElo "2249"]

1. e4 e5 2. Nf3 Nc6 3. Bc4 Nf6 4. d3 d5 5. exd5 Nxd5 6. O-O f6 7. Nc3 Bg4 8.
Bxd5 Qd7 9. Bxc6 Qxc6 10. h3 Be6 11. Be3 Bb4 12. Ne4 O-O 13. a3 Be7 14. Qe2 b6
15. Nc3 Rad8 16. Rad1 Bxa3 17. bxa3 Qxc3 18. Ra1 e4 19. Bd2 Qxc2 20. Qxe4 Bd5
21. Qf4 Bxf3 22. gxf3 g5 23. Qe3 Rfe8 24. Rfc1 Qb3 25. Qxe8+ Rxe8 26. Rxc7 Qxd3
27. Be3 Rxe3 28. fxe3 Qxe3+ 0-1

[Event "AUTO-OPEN-3208"]
[Site "http://www.queenalice.com/game.php?id=1263709"]
[Date "2014.3.9"]
[Round "1"]
[White "Nephi_R"]
[Black "Edmorf"]
[Result "1-0"]
[WhiteElo "1928"]
[BlackElo "1589"]

1. e4 d5 2. exd5 Qxd5 3. Nc3 Qe6+ 4. Qe2 Qf6 5. d3 e5 6. f4 Nc6 7. Nf3 Bg4 8.
Bd2 O-O-O 9. fxe5 Qe6 10. O-O-O Nb4 11. Kb1 Bc5 12. h3 Bd4 13. Nxd4 Rxd4 14.
hxg4 Rxg4 15. a3 Nc6 16. g3 Nxe5 17. Bh3 f5 18. Bxg4 fxg4 19. Rde1 Nf6 20. Qxe5
Qd6 21. Qxd6 cxd6 22. Bg5 Ne8 23. Re7 h6 24. Nb5 Rf8 25. Bf4 Kb8 26. Nxd6 Nxd6
27. Bxd6+ Kc8 28. Rxg7 Rd8 29. Rc7+ Kb8 30. Rd7+ Kc8 31. Rxd8+ Kxd8 32. Rxh6 Kd7
33. c4 b6 34. b4 Kc6 35. b5+ Kd7 36. d4 Kd8 37. Rh7 Ke8 38. Kc2 Kd8 39. Kd3 Ke8
40. Ke4 Kd8 41. Kd5 Kc8 42. Kc6 Kd8 43. Rh8# 1-0

[Event "AUTO-OPEN-3208"]
[Site "http://www.queenalice.com/game.php?id=1263710"]
[Date "2014.3.9"]
[Round "1"]
[White "Edmorf"]
[Black "Nephi_R"]
[Result "0-1"]
[WhiteElo "1595"]
[BlackElo "1928"]

1. e4 e6 2. d4 d5 3. Bd3 Nf6 4. Bg5 Be7 5. Nc3 Nbd7 6. e5 Ng8 7. f4 Bxg5 8. Qg4
Bh6 9. O-O-O Ne7 10. Kb1 g6 11. Nh3 Nb6 12. Nb5 a6 13. Nc3 Bd7 14. Rhf1 Nf5 15.
g3 Ne3 16. Qe2 Nxf1 17. Qxf1 O-O 18. g4 Rc8 19. g5 Bg7 20. Qf3 c5 21. Qf2 cxd4
22. Qxd4 Nc4 23. Nf2 Nxe5 24. fxe5 Qxg5 25. Nh3 Qxe5 26. Qb6 Rxc3 27. Qxb7 Rxd3
28. cxd3 Rb8 29. d4 Qe4+ 30. Kc1 Rxb7 31. Nf2 Bh6+ 32. Rd2 Qe1+ 33. Kc2 Qxd2+
34. Kb1 Qxb2# 0-1

[Event "Challenge"]
[Site "http://www.queenalice.com/game.php?id=1263771"]
[Date "2014.3.10"]
[Round "-"]
[White "Nephi_R"]
[Black "INSPETOR"]
[Result "0-1"]
[WhiteElo "1892"]
[BlackElo "1100"]

1. d4 d5 2. Nf3 e6 3. c4 Nf6 4. Nc3 Nc6 5. e3 Be7 6. Bd3 Nb4 7. O-O Nxd3 8. Qxd3
b6 9. e4 dxe4 10. Nxe4 Bb7 11. Nxf6+ Bxf6 12. Be3 Bxf3 13. gxf3 O-O 14. Kh1 Qd7
15. Rg1 c5 16. Rad1 Rad8 17. d5 exd5 18. cxd5 Bxb2 19. Rg4 Be5 20. Rh4 f5 21. f4
Bd4 22. Kg1 Qxd5 0-1

[Event "AUTO-ADV-3098"]
[Site "http://www.queenalice.com/game.php?id=1263831"]
[Date "2014.3.10"]
[Round "1"]
[White "askasl159"]
[Black "Nephi_R"]
[Result "1-0"]
[WhiteElo "1600"]
[BlackElo "1896"]

1. e4 e6 2. d4 d5 3. e5 c5 4. Nf3 Nc6 5. Bb5 Qb6 6. Nc3 Bd7 7. Bxc6 Bxc6 8. b3
cxd4 9. Nxd4 Bb4 10. Bb2 Nh6 11. Qd3 Ng4 12. f4 g6 13. h3 Nh6 14. a3 Bc5 15.
Nce2 Nf5 16. b4 Bxd4 17. Nxd4 a6 18. O-O Bb5 19. Qd2 Bxf1 20. Rxf1 O-O 21. Qd3
Rac8 22. Kh2 Ne7 23. Rc1 Rc4 24. Nb3 Rxf4 25. Bd4 Qc7 26. Nd2 Nf5 27. Nf3 1-0

[Event "AUTO-ADV-3098"]
[Site "http://www.queenalice.com/game.php?id=1263832"]
[Date "2014.3.10"]
[Round "1"]
[White "Nephi_R"]
[Black "askasl159"]
[Result "0-1"]
[WhiteElo "1926"]
[BlackElo "1570"]

1. e4 e5 2. Nf3 Nc6 3. Bc4 h6 4. Nc3 Nf6 5. d3 Bb4 6. Bd2 b6 7. a3 Bxc3 8. Bxc3
d6 9. h3 Bb7 10. O-O Qd7 11. b4 O-O 12. Qd2 a6 13. Rfe1 b5 14. Bb3 Rfe8 15. Rad1
Rad8 16. Nh4 Nd4 17. Bxd4 exd4 18. Nf5 c5 19. Qf4 Re5 20. Nxh6+ gxh6 21. Qxf6
Rf8 22. Qxh6 Qe7 23. f4 Re6 24. Bxe6 Qxe6 25. Qxe6 fxe6 26. g3 e5 27. f5 cxb4
28. axb4 Kf7 29. g4 Rh8 0-1

[Event "AUTO-ADV-3098"]
[Site "http://www.queenalice.com/game.php?id=1263847"]
[Date "2014.3.10"]
[Round "1"]
[White "Nephi_R"]
[Black "tango2011"]
[Result "1-0"]
[WhiteElo "1922"]
[BlackElo "1668"]

1. e4 c5 2. Nf3 d6 3. d4 cxd4 4. Nxd4 e6 5. Nc3 Be7 6. Be2 Nf6 7. Bg5 h6 8. Be3
O-O 9. Qd2 e5 10. Nb3 Nc6 11. h3 b6 12. O-O a5 13. a4 Nb4 14. Bf3 Bb7 15. Rad1
Qc7 16. Rfe1 Qc4 17. Bxb6 Nd7 18. Be2 Qc6 19. Bxa5 Bg5 20. Bxb4 Bxd2 21. Rxd2
Nf6 22. Rxd6 Qc7 23. Rxf6 gxf6 24. Bxf8 Rxf8 25. Bd3 Qb6 26. a5 Qa7 27. Nb5 Qb8
28. Nc5 Rd8 29. a6 Bxa6 30. Nxa6 Qb6 31. Nac7 Qa5 32. Rb1 Qe1+ 33. Rxe1 1-0

[Event "AUTO-ADV-3098"]
[Site "http://www.queenalice.com/game.php?id=1263848"]
[Date "2014.3.10"]
[Round "1"]
[White "tango2011"]
[Black "Nephi_R"]
[Result "0-1"]
[WhiteElo "1657"]
[BlackElo "1885"]

1. d4 Nf6 2. e3 d6 3. Nf3 g6 4. Bc4 Bg7 5. Ng1 O-O 6. Nf3 Nc6 7. O-O Bg4 8. Nbd2
e5 9. dxe5 Nxe5 10. Be2 Nxf3+ 11. Bxf3 Bxf3 12. Qxf3 Rb8 13. Nc4 c6 14. Rd1 d5
15. Rb1 Qe7 16. Nd2 Rfe8 17. Nf1 Rbd8 18. Re1 Ne4 19. c3 c5 20. Nd2 Be5 21. Nxe4
dxe4 22. Qe2 Qc7 23. Qc2 Bxh2+ 24. Kh1 Be5 25. Qxe4 Bxc3 26. bxc3 Rxe4 27. Bb2
Rh4+ 0-1

[Event "AUTO-ADV-3098"]
[Site "http://www.queenalice.com/game.php?id=1263849"]
[Date "2014.3.10"]
[Round "1"]
[White "Nephi_R"]
[Black "AsterixTwin"]
[Result "1/2-1/2"]
[WhiteElo "1947"]
[BlackElo "2032"]

1. e4 c5 2. Nf3 d6 3. d4 cxd4 4. Nxd4 Nf6 5. Nc3 Nc6 6. Be2 e5 7. Nf3 Be7 8. Bg5
Be6 9. O-O O-O 10. Bxf6 Bxf6 11. Qd2 Qd7 12. Rad1 Rfd8 13. Nd5 Bxd5 14. exd5 Nd4
15. c3 Nxf3+ 16. Bxf3 Qe7 17. Be4 Bg5 18. Qe2 Rf8 19. g3 f5 20. Bc2 g6 21. f4
Bf6 22. fxe5 Bxe5 23. Qd3 Qg5 24. Kh1 f4 25. gxf4 Rxf4 26. Rxf4 Qxf4 27. Qh3 Rf8
28. Bd3 Qf3+ 1/2-1/2

[Event "AUTO-ADV-3098"]
[Site "http://www.queenalice.com/game.php?id=1263850"]
[Date "2014.3.10"]
[Round "1"]
[White "AsterixTwin"]
[Black "Nephi_R"]
[Result "1-0"]
[WhiteElo "2091"]
[BlackElo "1950"]

1. e4 e5 2. Nf3 Nc6 3. Bb5 a6 4. Bxc6 dxc6 5. O-O Bg4 6. h3 Bxf3 7. Qxf3 Nf6 8.
Qb3 Rb8 9. d3 Be7 10. Be3 b6 11. Qc4 Qd7 12. Qxa6 O-O 13. Qc4 Ne8 14. Nd2 Nd6
15. Qb3 Kh8 16. Rae1 f5 17. f4 Bh4 18. Rd1 exf4 19. Bxf4 Nb5 20. Nf3 Nd4 21.
Nxd4 Qxd4+ 22. Kh1 Rbc8 23. c3 Qd7 24. e5 Rce8 25. d4 Qd5 26. c4 Qd8 27. d5 c5
28. e6 Be7 29. Qg3 Bd6 30. Be5 Re7 31. Rf3 Bxe5 32. Qxe5 Qd6 33. Qxd6 1-0